000
00274nam a2200121Ia 4500
008
190216s9999||||xx |||||||||||||| ||und||
100
_a
Menon K P K
245
0
_a
Footprints
260
_b
Orient Longman
_c
1980
300
_a
160p
650
_a
English-Biography
942
_c
BK
999
_c
12996
_d
12996